Australian Open 2020 ATP Bracket - Statistics

General Stats
  • This quiz has been taken 131 times
  • The average score is 64 of 127
Answer Stats
Round 1 Answer % Correct
Nadal v. Dellien Nadal
97%
Kyrgios v. Sonego Kyrgios
91%
Delbonis v. Sousa Delbonis
89%
Nadal
89%
Monfils v. Lu Monfils
88%
Nadal
88%
Nadal
88%
Eubanks v. Gojowczyk Gojowczyk
86%
Kovalik v. Carreno Busta Carreno Busta
84%
Kyrgios
84%
Cuevas v. Simon Simon
84%
Uchiyama v. M. Ymer Ymer
84%
Vilella Martinez v. Khachanov Khachanov
82%
Kyrgios
80%
Duckworth v. Bedene Bedene
78%
Monfils
78%
Gulbis v. Auger-Aliassime Gulbis
77%
Karlovic v. Pospisil Karlovic
77%
Monfils
77%
Ivashka v. Anderson Anderson
76%
Djokovic
76%
Fritz v. Griekspoor Fritz
76%
Medvedev v. Tiafoe Medvedev
76%
Mannarino v. Thiem Thiem
76%
Bolt v. Ramos-Vinolas Bolt
74%
Carreno Busta
74%
Khachanov
74%
Fritz
73%
Medvedev
73%
Thiem
73%
Thiem
72%
Thiem
72%
Thiem
72%
Gulbis
70%
Medvedev
70%
Thiem
68%
Dzumhur v. Wawrinka Wawrinka
68%
Goffin v. Chardy Goffin
66%
Koepfer v. Martinez Martinez
65%
O'Connell v. Rublev Rublev
65%
Kecmanovic v. Seppi Seppi
65%
Herbert v. Norrie Herbert
64%
Gaston v. Munar Munar
64%
Tabilo v. Galan Tabilo
64%
Wawrinka
64%
Cecchinato v. A. Zverev Zverev
64%
Isner v. Monteiro Isner
62%
Goffin
61%
Popyrin v. Tsonga Popyrin
61%
Wawrinka
61%
Isner
59%
Rublev
59%
Wawrinka
59%
Ruud v. Gerasimov Gerasimov
58%
Sugita v. Benchetrit Sugita
58%
Basilashvili v. Kwon Basilashvili
57%
Djokovic
57%
Popyrin
57%
Verdasco v. Donskoy Verdasco
57%
Zverev
57%
Berrettini v. A. Harris Berrettini
55%
Rublev
55%
Verdasco
53%
Zverev
51%
Zverev
51%
Sandgren v. Trungelliti Sandgren
50%
Sandgren
50%
Stuff v. Djokovic Djokovic
49%
Federer
49%
Zverev
47%
Carballes Baena v. Berankis Berankis
43%
Sandgren
43%
Querrey v. Coric Querrey
42%
Djokovic
41%
Djokovic
41%
Djokovic
41%
Pella v. J. Smith Pella
39%
Djokovic
38%
Johnson v. Federer Federer
38%
Opelka v. Fognini Fognini
38%
Querrey
36%
Safwat v. Barrere Barrere
35%
Federer
35%
Pella
35%
Sandgren
35%
Thompson v. Bublik Thompson
35%
Federer
34%
Federer
32%
Shapovalov v. Fucsovics Fucsovics
31%
Sinner v. Purcell Sinner
31%
Tsitsipas v. Caruso Tsitsipas
30%
Londero v. Dimitrov Dimitrov
28%
Fognini
28%
Fognini
28%
Mayer v. Paul Paul
28%
Hurkacz v. Novak Hurkacz
27%
Ito v. Gunneswaran Ito
27%
Schwartzman v. Harris Schwartzman
27%
Evans v. McDonald Evans
24%
Edmund v. Lajovic Lajovic
24%
Millman v. Humbert Millman
24%
Nishioka v. Djere Nishioka
24%
Giustino v. Raonic Raonic
24%
Fucsovics
23%
Tsitsipas
23%
Paul
22%
Polmans v. Kukushkin Polmans
22%
Lopez v. Bautista Agut Bautista Agut
20%
Cilic v. Moutet Cilic
20%
Halys v. Krajinovic Krajinovic
20%
Millman
20%
Paire v. Stebe Paire
20%
Raonic
20%
Raonic
20%
Davidovich Fokina v. Gombos Davidovich Fokina
19%
Raonic
19%
Cilic
18%
Fucsovics
18%
Kohlschreiber v. Giron Kohlschreiber
18%
Andujar v. Mmoh Mmoh
18%
Nishioka
18%
Schwartzman
18%
Schwartzman
18%
Garin v. Travaglia Garin
16%
Cilic
15%
Lajovic
15%
Bautista Agut
14%
No matching quizzes found
Score Distribution
Percent of People with Each Score
Percentile by Number Answered
Your Score History
You have not taken this quiz